000 00928nas a2200289 4500
001 BR7503519
003 BR-BrBNA
005 20231205082837.0
007 ta
008 230509b bl.|||p| |||| 00| 00por d
040 _aBR-BrBNA
_bpor
_cBiblioteca Nacional de Agricultura
041 _a(Pt)
072 _aQ10
100 1 _aZapata, J.F.F.
100 1 _aMagalhaes Neto, E. de O.
245 1 _aIndustrializacao de pescados marinhos e de aguas doces, 1: processamento em forma de produto defumado e pasta frita [Brasil]
650 _aPEIXE MARINHO
650 _aDEFUMACAO
650 _aPRESERVACAO DE ALIMENTO
650 _aPASTA DE PEIXE
650 _aRENDIMENTO
650 _aINDUSTRIA ALIMENTICIA
650 _aPEIXE DE AGUA DOCE
773 0 _tArquivos de Ciencias do Mar (Brazil)
_xISSN 0374-5686
_g(Dec 1975), v. 15(2) p. 105-110
_wBR7503519
909 _a202311
_bLúcia
_c55
_dLúcia Elande
942 _2AGRIS
_n0
_cANA
999 _c94579
_d94579